000 00588nam a2200193Ia 4500
005 20250508162433.0
008 008 250505s9999 xx 000 0 eng d
037 _aTextual
040 _aFEDL
_beng
_cFEDL
041 _aeng
_2eng
084 _a304.2, MCK
_qFEDL
100 _aHawley Amos H. Ed.
_9132752
245 0 _aRoderick D. McKenzie on Human Ecology: Selected writings
260 _aChicago, USA
_bThe University of Chicago Press
_c1968
300 _axxii,308p
490 _aThe heritage of sociology
942 _cTEXL
_h304.2, MCK
999 _c1376539
_d1376539